Alle Pokémon anhand von Bildern erkennen - Alola - Statistiken

Allgemein
  • Dieses Quiz wurde 54 mal gespielt
  • Das Durchschnittsergebnis liegt bei 48 aus 88
Antwortstatistiken
Bildquiz Antwort % Korrekt
Bauz
88%
Mimigma
88%
Robball
88%
Flamiau
81%
Fuegro
81%
Lunala
81%
Kapu-Riki
75%
Kapu-Toro
75%
Melmetal
75%
Wolwerock
75%
Akkup
69%
Krabbox
69%
Necrozma
69%
Silvarro
69%
Solgaleo
69%
Wuffels
69%
Zeraora
69%
Kapu-Fala
63%
Katagami
63%
Koalelu
63%
Miezunder
63%
Peppeck
63%
Primarene
63%
Schlingking
63%
Togedemaru
63%
Typ:Null
63%
Amfira
56%
Amigento
56%
Anego
56%
Choreogel
56%
Cosmog
56%
Frubberl
56%
Grandiras
56%
Gufa
56%
Kapu-Kime
56%
Kosturso
56%
Krawell
56%
Lusardin
56%
Mediras
56%
Meltan
56%
Miniras
56%
Pampuli
56%
Sen-Long
56%
Velursi
56%
Bubungus
50%
Cosmovum
50%
Curelei
50%
Donarion
50%
Imantis
50%
Knirfish
50%
Kommandutan
50%
Mabula
50%
Mangunior
50%
Manguspektor
50%
Marshadow
50%
Masskito
50%
Molunk
50%
Pampross
50%
Quartermak
50%
Reißlaus
50%
Sankabuh
50%
Tortunator
50%
Trompeck
50%
Tukanon
50%
Wommel
50%
Araqua
44%
Arboretoss
44%
Colossand
44%
Fruyal
44%
Garstella
44%
Magearna
44%
Mantidea
44%
Moruda
44%
Venicro
44%
Aggrostella
38%
Aranestro
38%
Bandelby
38%
Frubaila
38%
Kaguron
38%
Kopplosio
38%
Lamellux
38%
Meteno
38%
Muramura
38%
Schabelle
38%
Tectass
38%
Agoyon
31%
Marikeck
31%
Voltriant
31%
Keine übereinstimmenden Quizze gefunden
Verteilung der Resultate
Anzahl Personen mit jedem Resultat
Perzentil nach korrekt beantworteten Fragen
Ihre Resultats-Entwicklung
Sie haben dieses Quiz noch nicht gespielt